Catálogo
 En Linea

Discours prononcé au Congrés National, le 27 février 1952, par son excellence le président Rafael L. Trujillo / (Registro nro. 32837)

Detalles MARC
000 -CABECERA
campo de control de longitud fija 00745nam a2200181 a 4500
001 - NÚMERO DE CONTROL
campo de control 000033346
005 - FECHA Y HORA DE LA ÚLTIMA TRANSACCIÓN
campo de control 20200930070207.0
008 - DATOS DE LONGITUD FIJA--INFORMACIÓN GENERAL
campo de control de longitud fija 110523s1952 dr r 000 | fre d
040 ## - FUENTE DE LA CATALOGACIÓN
Centro catalogador/agencia de origen DO-SdBNP
Lengua de catalogación spa
Centro/agencia transcriptor BNPHU
082 ## - NÚMERO DE LA CLASIFICACIÓN DECIMAL DEWEY
Número de clasificación xxxx
Número de documento/Ítem R426d, 1952
110 1# - ENTRADA PRINCIPAL--NOMBRE DE ENTIDAD CORPORATIVA
Nombre de entidad corporativa o nombre de jurisdicción como elemento de entrada República Dominicana.
Unidad subordinada Presidente (1942-1952 : Trujillo Molina)
9 (RLIN) 57164
245 10 - MENCIÓN DE TÍTULO
Título Discours prononcé au Congrés National, le 27 février 1952, par son excellence le président Rafael L. Trujillo /
Mención de responsabilidad, etc. traducido por Jazem Draiby.
260 ## - PUBLICACIÓN, DISTRIBUCIÓN, ETC.
Lugar de publicación, distribución, etc. Ciudad Trujillo, República Dominicana :
Nombre del editor, distribuidor, etc. Impresora Dominicana,
Fecha de publicación, distribución, etc. 1952.
300 ## - DESCRIPCIÓN FÍSICA
Extensión 20 p ;
Dimensiones 24 cm.
500 ## - NOTA GENERAL
Nota general A la cabeza del título : Répúblique Dominicaine
590 ## - NOTA LOCAL (RLIN)
Nota local Inventariado, 2018/LP
700 1# - PUNTO DE ACCESO ADICIONAL--NOMBRE DE PERSONA
Nombre de persona Draiby, Jazem,
Término indicativo de función/relación tr.
9 (RLIN) 57165
Existencias
Estado de retiro Estado de pérdida No para préstamo Código de colección Localización permanente Ubicación/localización actual Ubicación en estantería Fecha de adquisición Número de inventario Total de préstamos Signatura topográfica completa Código de barras Fecha visto por última vez Precio válido a partir de Tipo de ítem Koha Nota pública
    Excluido de préstamo Patrimonio Dominicano Patrimonio Dominicano Patrimonio Dominicano En catalogación 25.08.2011 LF1   xxxx R426d, 1952 33346-10 25.06.2020 25.06.2020 Libro y Folleto Colección Patrimonio Dominicano Perteneció a la biblioteca personal de Martínez Boog.

Con tecnología Koha